000 00690nam a2200229Ia 4500
003 GCL
008 140319s9999 xx 000 0 ara d
040 _aGCL /
_cGCL
082 0 4 _a415.1
_bم ق
100 1 _aمحمد عيد
245 1 0 _aقضايا معاصرة فى الدراسات اللغوية والادبية /
_cمحمد عيد
260 _a[S.N] :
_bعالم الكتب الحديث ،
_c1989
300 _a183 ص
490 _a
650 0 4 _aالشعر العربى
650 0 4 _aالنحو
650 0 4 _aاللغة العربية
650 0 4 _aدواوين وقصائد
650 0 4 _aالبلاغة العربية
650 0 4 _aالنحاتون
942 _2ddc
_cBK
999 _c32460
_d32460